Plats avec de l'Ail - Mort Subite - Statistiques

Statistiques générales
  • Ce quiz a été pris 123 fois
  • Le résultat moyen est 5 sur 16
Answers on the Grid
Answers color-coded by a green-red scale on the quiz's grid according to % correct below.
Polpo all'agliata
Garlic fingers
Crevettes BBQ de La Nouvelle-Orléans
Escargots de Bourgogne
Bruschetta
Tzatziki
Baba ganousch
Sinangag
Préfou
Sopa de ajo
Bagna cauda
Moules à la provençale
Vanillerostbraten
Rigatoni au pesto
Sauté de belles-de-jour / Pad pak bung
Česnečka
Umeboshi
Tamagoyaki
Nattō
Cacio e pepe
Salade grecque
Mesclun
BLT
Ugali
Puto bumbong
Laplap
Bryndzové halušky
Fårikål
 
Statistiques - réponses
Réponse % Correct
Escargots de Bourgogne
63%
Bruschetta
53%
Garlic fingers
53%
Moules à la provençale
48%
Préfou
39%
Tzatziki
35%
Polpo all'agliata
34%
Rigatoni au pesto
34%
Sopa de ajo
32%
Crevettes BBQ de La Nouvelle-Orléans
28%
Baba ganousch
25%
Sauté de belles-de-jour / Pad pak bung
25%
Česnečka
7%
Sinangag
7%
Bagna cauda
5%
Vanillerostbraten
2%
Aucun quiz correspondant
Distribution des résultats
% des personnes avec chaque résultat
Percentile par nombre de réponses
Votre historique - résultats
Vous n’avez pas pris ce quiz